<?xml version="1.0" encoding="UTF-8"?>
<record
    xmlns:xsi="http://www.w3.org/2001/XMLSchema-instance"
    xsi:schemaLocation="http://www.loc.gov/MARC21/slim http://www.loc.gov/standards/marcxml/schema/MARC21slim.xsd"
    xmlns="http://www.loc.gov/MARC21/slim">

  <leader>00891nas a2200313 454500</leader>
  <controlfield tag="001">29750</controlfield>
  <controlfield tag="005">20260407193508.0</controlfield>
  <controlfield tag="008">260407s1991####ag###########|||spa#d</controlfield>
  <controlfield tag="003">AR-UNSa-BCEJYS</controlfield>
  <datafield tag="040" ind1=" " ind2=" ">
    <subfield code="a">AR-UNSa-BCEJYS</subfield>
    <subfield code="b">spa</subfield>
    <subfield code="c">AR-UNSa-BCEJYS</subfield>
  </datafield>
  <datafield tag="080" ind1=" " ind2=" ">
    <subfield code="a">330</subfield>
    <subfield code="x">Econom&#xED;a en general</subfield>
  </datafield>
  <datafield tag="245" ind1="1" ind2="0">
    <subfield code="a">Business Week</subfield>
    <subfield code="p">international</subfield>
  </datafield>
  <datafield tag="022" ind1=" " ind2=" ">
    <subfield code="a">0007-7135</subfield>
  </datafield>
  <datafield tag="264" ind1=" " ind2="1">
    <subfield code="a">New York :</subfield>
    <subfield code="b">McGraw-Hill</subfield>
    <subfield code="c">1991</subfield>
  </datafield>
  <datafield tag="310" ind1=" " ind2=" ">
    <subfield code="a">Frecuencia: Semanal</subfield>
  </datafield>
  <datafield tag="041" ind1=" " ind2=" ">
    <subfield code="a">spa</subfield>
  </datafield>
  <datafield tag="942" ind1=" " ind2=" ">
    <subfield code="c">SER</subfield>
  </datafield>
  <datafield tag="590" ind1=" " ind2=" ">
    <subfield code="a">niveau_biblio:s niveau_hierar:1</subfield>
  </datafield>
  <datafield tag="100" ind1="1" ind2=" ">
    <subfield code="a">Shepard, Stephen B.</subfield>
  </datafield>
  <datafield tag="650" ind1=" " ind2=" ">
    <subfield code="a">Comercio</subfield>
  </datafield>
  <datafield tag="650" ind1=" " ind2=" ">
    <subfield code="a">Finanzas</subfield>
  </datafield>
  <datafield tag="650" ind1=" " ind2=" ">
    <subfield code="a">An&#xE1;lisis econ&#xF3;mico</subfield>
  </datafield>
  <datafield tag="650" ind1=" " ind2=" ">
    <subfield code="a">Tecnolog&#xED;a</subfield>
  </datafield>
  <datafield tag="650" ind1=" " ind2=" ">
    <subfield code="a">Pol&#xED;tica</subfield>
  </datafield>
  <datafield tag="650" ind1=" " ind2=" ">
    <subfield code="a">Ciencia</subfield>
  </datafield>
  <datafield tag="650" ind1=" " ind2=" ">
    <subfield code="a">ECONOMIA</subfield>
  </datafield>
  <datafield tag="650" ind1=" " ind2=" ">
    <subfield code="a">NEGOCIOS</subfield>
  </datafield>
  <datafield tag="856" ind1="4" ind2="1">
    <subfield code="u">https://biblioeco.unsa.edu.ar/pmb/images/revistas/Software made simple-r14367.jpg</subfield>
    <subfield code="y">Imagen de portada</subfield>
    <subfield code="q">image/jpeg</subfield>
  </datafield>
  <datafield tag="999" ind1=" " ind2=" ">
    <subfield code="c">8679</subfield>
    <subfield code="d">8679</subfield>
  </datafield>
  <datafield tag="952" ind1=" " ind2=" ">
    <subfield code="0">0</subfield>
    <subfield code="1">0</subfield>
    <subfield code="4">0</subfield>
    <subfield code="7">0</subfield>
    <subfield code="a">BCEJYS</subfield>
    <subfield code="b">BCEJYS</subfield>
    <subfield code="c">17</subfield>
    <subfield code="d">1994-06-13</subfield>
    <subfield code="h">N&#xBA; 3361 - jun. 1994</subfield>
    <subfield code="l">0</subfield>
    <subfield code="o">H330 BUS 3361</subfield>
    <subfield code="p">R14455</subfield>
    <subfield code="r">2026-04-10 16:08:51</subfield>
    <subfield code="w">2026-04-10</subfield>
    <subfield code="y">RN</subfield>
  </datafield>
  <datafield tag="952" ind1=" " ind2=" ">
    <subfield code="0">0</subfield>
    <subfield code="1">0</subfield>
    <subfield code="4">0</subfield>
    <subfield code="7">0</subfield>
    <subfield code="a">BCEJYS</subfield>
    <subfield code="b">BCEJYS</subfield>
    <subfield code="c">17</subfield>
    <subfield code="d">1994-05-30</subfield>
    <subfield code="h">N&#xBA; 3359 - mayo 1995</subfield>
    <subfield code="l">0</subfield>
    <subfield code="o">H330 BUS 3359</subfield>
    <subfield code="p">R14454</subfield>
    <subfield code="r">2026-04-10 16:08:51</subfield>
    <subfield code="w">2026-04-10</subfield>
    <subfield code="y">RN</subfield>
  </datafield>
  <datafield tag="952" ind1=" " ind2=" ">
    <subfield code="0">0</subfield>
    <subfield code="1">0</subfield>
    <subfield code="4">0</subfield>
    <subfield code="7">0</subfield>
    <subfield code="a">BCEJYS</subfield>
    <subfield code="b">BCEJYS</subfield>
    <subfield code="c">17</subfield>
    <subfield code="d">1994-05-23</subfield>
    <subfield code="h">N&#xBA; 3358 - mayo 1994</subfield>
    <subfield code="l">0</subfield>
    <subfield code="o">H330 BUS 3358</subfield>
    <subfield code="p">R14453</subfield>
    <subfield code="r">2026-04-10 16:08:51</subfield>
    <subfield code="w">2026-04-10</subfield>
    <subfield code="y">RN</subfield>
  </datafield>
  <datafield tag="952" ind1=" " ind2=" ">
    <subfield code="0">0</subfield>
    <subfield code="1">0</subfield>
    <subfield code="4">0</subfield>
    <subfield code="7">0</subfield>
    <subfield code="a">BCEJYS</subfield>
    <subfield code="b">BCEJYS</subfield>
    <subfield code="c">17</subfield>
    <subfield code="d">1994-05-09</subfield>
    <subfield code="h">N&#xBA; 3356 - mayo 1994</subfield>
    <subfield code="l">0</subfield>
    <subfield code="o">H330 BUS 3356</subfield>
    <subfield code="p">R14452</subfield>
    <subfield code="r">2026-04-10 16:08:51</subfield>
    <subfield code="w">2026-04-10</subfield>
    <subfield code="y">RN</subfield>
  </datafield>
  <datafield tag="952" ind1=" " ind2=" ">
    <subfield code="0">0</subfield>
    <subfield code="1">0</subfield>
    <subfield code="4">0</subfield>
    <subfield code="7">0</subfield>
    <subfield code="a">BCEJYS</subfield>
    <subfield code="b">BCEJYS</subfield>
    <subfield code="c">17</subfield>
    <subfield code="d">1994-03-21</subfield>
    <subfield code="h">N&#xBA; 3349 - mar. 1994</subfield>
    <subfield code="l">0</subfield>
    <subfield code="o">H330 BUS 3349</subfield>
    <subfield code="p">R14451</subfield>
    <subfield code="r">2026-04-10 16:08:51</subfield>
    <subfield code="w">2026-04-10</subfield>
    <subfield code="y">RN</subfield>
  </datafield>
  <datafield tag="952" ind1=" " ind2=" ">
    <subfield code="0">0</subfield>
    <subfield code="1">0</subfield>
    <subfield code="4">0</subfield>
    <subfield code="7">0</subfield>
    <subfield code="a">BCEJYS</subfield>
    <subfield code="b">BCEJYS</subfield>
    <subfield code="c">17</subfield>
    <subfield code="d">1994-03-14</subfield>
    <subfield code="h">N&#xBA; 3348 - mar. 1994</subfield>
    <subfield code="l">0</subfield>
    <subfield code="o">H330 BUS 3348</subfield>
    <subfield code="p">R14450</subfield>
    <subfield code="r">2026-04-10 16:08:51</subfield>
    <subfield code="w">2026-04-10</subfield>
    <subfield code="y">RN</subfield>
  </datafield>
  <datafield tag="952" ind1=" " ind2=" ">
    <subfield code="0">0</subfield>
    <subfield code="1">0</subfield>
    <subfield code="4">0</subfield>
    <subfield code="7">0</subfield>
    <subfield code="a">BCEJYS</subfield>
    <subfield code="b">BCEJYS</subfield>
    <subfield code="c">17</subfield>
    <subfield code="d">1994-03-07</subfield>
    <subfield code="h">N&#xBA; 3347 - mar. 1994</subfield>
    <subfield code="l">0</subfield>
    <subfield code="o">H330 BUS 3347</subfield>
    <subfield code="p">R14449</subfield>
    <subfield code="r">2026-04-10 16:08:51</subfield>
    <subfield code="w">2026-04-10</subfield>
    <subfield code="y">RN</subfield>
  </datafield>
  <datafield tag="952" ind1=" " ind2=" ">
    <subfield code="0">0</subfield>
    <subfield code="1">0</subfield>
    <subfield code="4">0</subfield>
    <subfield code="7">0</subfield>
    <subfield code="a">BCEJYS</subfield>
    <subfield code="b">BCEJYS</subfield>
    <subfield code="c">17</subfield>
    <subfield code="d">1994-02-14</subfield>
    <subfield code="h">N&#xBA; 3344 - feb. 1994</subfield>
    <subfield code="l">0</subfield>
    <subfield code="o">H330 BUS 3344</subfield>
    <subfield code="p">R14448</subfield>
    <subfield code="r">2026-04-10 16:08:51</subfield>
    <subfield code="w">2026-04-10</subfield>
    <subfield code="y">RN</subfield>
  </datafield>
  <datafield tag="952" ind1=" " ind2=" ">
    <subfield code="0">0</subfield>
    <subfield code="1">0</subfield>
    <subfield code="4">0</subfield>
    <subfield code="7">0</subfield>
    <subfield code="a">BCEJYS</subfield>
    <subfield code="b">BCEJYS</subfield>
    <subfield code="c">17</subfield>
    <subfield code="d">1994-02-07</subfield>
    <subfield code="h">N&#xBA; 3343 - feb. 1994</subfield>
    <subfield code="l">0</subfield>
    <subfield code="o">H330 BUS 3343</subfield>
    <subfield code="p">R14447</subfield>
    <subfield code="r">2026-04-10 16:08:51</subfield>
    <subfield code="w">2026-04-10</subfield>
    <subfield code="y">RN</subfield>
  </datafield>
  <datafield tag="952" ind1=" " ind2=" ">
    <subfield code="0">0</subfield>
    <subfield code="1">0</subfield>
    <subfield code="4">0</subfield>
    <subfield code="7">0</subfield>
    <subfield code="a">BCEJYS</subfield>
    <subfield code="b">BCEJYS</subfield>
    <subfield code="c">17</subfield>
    <subfield code="d">1994-01-31</subfield>
    <subfield code="h">N&#xBA; 3342 - ene. 1994</subfield>
    <subfield code="l">0</subfield>
    <subfield code="o">H330 BUS 3342</subfield>
    <subfield code="p">R14446</subfield>
    <subfield code="r">2026-04-10 16:08:51</subfield>
    <subfield code="w">2026-04-10</subfield>
    <subfield code="y">RN</subfield>
  </datafield>
  <datafield tag="952" ind1=" " ind2=" ">
    <subfield code="0">0</subfield>
    <subfield code="1">0</subfield>
    <subfield code="4">0</subfield>
    <subfield code="7">0</subfield>
    <subfield code="a">BCEJYS</subfield>
    <subfield code="b">BCEJYS</subfield>
    <subfield code="c">17</subfield>
    <subfield code="d">1994-01-24</subfield>
    <subfield code="h">N&#xBA; 3341 - ene. 1994</subfield>
    <subfield code="l">0</subfield>
    <subfield code="o">H330 BUS 3341</subfield>
    <subfield code="p">R14445</subfield>
    <subfield code="r">2026-04-10 16:08:51</subfield>
    <subfield code="w">2026-04-10</subfield>
    <subfield code="y">RN</subfield>
  </datafield>
  <datafield tag="952" ind1=" " ind2=" ">
    <subfield code="0">0</subfield>
    <subfield code="1">0</subfield>
    <subfield code="4">0</subfield>
    <subfield code="7">0</subfield>
    <subfield code="a">BCEJYS</subfield>
    <subfield code="b">BCEJYS</subfield>
    <subfield code="c">17</subfield>
    <subfield code="d">1994-01-17</subfield>
    <subfield code="h">N&#xBA; 3340 - ene. 1994</subfield>
    <subfield code="l">0</subfield>
    <subfield code="o">H330 BUS 3340</subfield>
    <subfield code="p">R14444</subfield>
    <subfield code="r">2026-04-10 16:08:51</subfield>
    <subfield code="w">2026-04-10</subfield>
    <subfield code="y">RN</subfield>
  </datafield>
  <datafield tag="952" ind1=" " ind2=" ">
    <subfield code="0">0</subfield>
    <subfield code="1">0</subfield>
    <subfield code="4">0</subfield>
    <subfield code="7">0</subfield>
    <subfield code="a">BCEJYS</subfield>
    <subfield code="b">BCEJYS</subfield>
    <subfield code="c">17</subfield>
    <subfield code="d">1994-01-10</subfield>
    <subfield code="h">N&#xBA; 3339 - ene. 1994</subfield>
    <subfield code="l">0</subfield>
    <subfield code="o">H330 BUS 3339</subfield>
    <subfield code="p">R14443</subfield>
    <subfield code="r">2026-04-10 16:08:51</subfield>
    <subfield code="w">2026-04-10</subfield>
    <subfield code="y">RN</subfield>
  </datafield>
  <datafield tag="952" ind1=" " ind2=" ">
    <subfield code="0">0</subfield>
    <subfield code="1">0</subfield>
    <subfield code="4">0</subfield>
    <subfield code="7">0</subfield>
    <subfield code="a">BCEJYS</subfield>
    <subfield code="b">BCEJYS</subfield>
    <subfield code="c">17</subfield>
    <subfield code="d">1993-12-27</subfield>
    <subfield code="h">N&#xBA; 3338 - dic. 1993</subfield>
    <subfield code="l">0</subfield>
    <subfield code="o">H330 BUS 3338</subfield>
    <subfield code="p">R14442</subfield>
    <subfield code="r">2026-04-10 16:08:51</subfield>
    <subfield code="w">2026-04-10</subfield>
    <subfield code="y">RN</subfield>
  </datafield>
  <datafield tag="952" ind1=" " ind2=" ">
    <subfield code="0">0</subfield>
    <subfield code="1">0</subfield>
    <subfield code="4">0</subfield>
    <subfield code="7">0</subfield>
    <subfield code="a">BCEJYS</subfield>
    <subfield code="b">BCEJYS</subfield>
    <subfield code="c">17</subfield>
    <subfield code="d">1993-12-20</subfield>
    <subfield code="h">N&#xBA; 3337 - dic. 1993</subfield>
    <subfield code="l">0</subfield>
    <subfield code="o">H330 BUS 3337</subfield>
    <subfield code="p">R14441</subfield>
    <subfield code="r">2026-04-10 16:08:51</subfield>
    <subfield code="w">2026-04-10</subfield>
    <subfield code="y">RN</subfield>
  </datafield>
  <datafield tag="952" ind1=" " ind2=" ">
    <subfield code="0">0</subfield>
    <subfield code="1">0</subfield>
    <subfield code="4">0</subfield>
    <subfield code="7">0</subfield>
    <subfield code="a">BCEJYS</subfield>
    <subfield code="b">BCEJYS</subfield>
    <subfield code="c">17</subfield>
    <subfield code="d">1993-12-13</subfield>
    <subfield code="h">N&#xBA; 3336 - dic. 1993</subfield>
    <subfield code="l">0</subfield>
    <subfield code="o">H330 BUS 3336</subfield>
    <subfield code="p">R14440</subfield>
    <subfield code="r">2026-04-10 16:08:51</subfield>
    <subfield code="w">2026-04-10</subfield>
    <subfield code="y">RN</subfield>
  </datafield>
  <datafield tag="952" ind1=" " ind2=" ">
    <subfield code="0">0</subfield>
    <subfield code="1">0</subfield>
    <subfield code="4">0</subfield>
    <subfield code="7">0</subfield>
    <subfield code="a">BCEJYS</subfield>
    <subfield code="b">BCEJYS</subfield>
    <subfield code="c">17</subfield>
    <subfield code="d">1993-12-06</subfield>
    <subfield code="h">N&#xBA; 3335 - dic. 1993</subfield>
    <subfield code="l">0</subfield>
    <subfield code="o">H330 BUS 3335</subfield>
    <subfield code="p">R14439</subfield>
    <subfield code="r">2026-04-10 16:08:51</subfield>
    <subfield code="w">2026-04-10</subfield>
    <subfield code="y">RN</subfield>
  </datafield>
  <datafield tag="952" ind1=" " ind2=" ">
    <subfield code="0">0</subfield>
    <subfield code="1">0</subfield>
    <subfield code="4">0</subfield>
    <subfield code="7">0</subfield>
    <subfield code="a">BCEJYS</subfield>
    <subfield code="b">BCEJYS</subfield>
    <subfield code="c">17</subfield>
    <subfield code="d">1993-11-29</subfield>
    <subfield code="h">N&#xBA; 3334 - nov. 1993</subfield>
    <subfield code="l">0</subfield>
    <subfield code="o">H330 BUS 3334</subfield>
    <subfield code="p">R14438</subfield>
    <subfield code="r">2026-04-10 16:08:51</subfield>
    <subfield code="w">2026-04-10</subfield>
    <subfield code="y">RN</subfield>
  </datafield>
  <datafield tag="952" ind1=" " ind2=" ">
    <subfield code="0">0</subfield>
    <subfield code="1">0</subfield>
    <subfield code="4">0</subfield>
    <subfield code="7">0</subfield>
    <subfield code="a">BCEJYS</subfield>
    <subfield code="b">BCEJYS</subfield>
    <subfield code="c">17</subfield>
    <subfield code="d">1993-11-22</subfield>
    <subfield code="h">N&#xBA; 3333 - nov. 1993</subfield>
    <subfield code="l">0</subfield>
    <subfield code="o">H330 BUS 3333</subfield>
    <subfield code="p">R14437</subfield>
    <subfield code="r">2026-04-10 16:08:51</subfield>
    <subfield code="w">2026-04-10</subfield>
    <subfield code="y">RN</subfield>
  </datafield>
  <datafield tag="952" ind1=" " ind2=" ">
    <subfield code="0">0</subfield>
    <subfield code="1">0</subfield>
    <subfield code="4">0</subfield>
    <subfield code="7">0</subfield>
    <subfield code="a">BCEJYS</subfield>
    <subfield code="b">BCEJYS</subfield>
    <subfield code="c">17</subfield>
    <subfield code="d">1993-11-15</subfield>
    <subfield code="h">N&#xBA; 3332 - nov. 1993</subfield>
    <subfield code="l">0</subfield>
    <subfield code="o">H330 BUS 3332</subfield>
    <subfield code="p">R14436</subfield>
    <subfield code="r">2026-04-10 16:08:51</subfield>
    <subfield code="w">2026-04-10</subfield>
    <subfield code="y">RN</subfield>
  </datafield>
  <datafield tag="952" ind1=" " ind2=" ">
    <subfield code="0">0</subfield>
    <subfield code="1">0</subfield>
    <subfield code="4">0</subfield>
    <subfield code="7">0</subfield>
    <subfield code="a">BCEJYS</subfield>
    <subfield code="b">BCEJYS</subfield>
    <subfield code="c">17</subfield>
    <subfield code="d">1993-11-08</subfield>
    <subfield code="h">N&#xBA; 3331 - nov. 1993</subfield>
    <subfield code="l">0</subfield>
    <subfield code="o">H330 BUS 3331</subfield>
    <subfield code="p">R14435</subfield>
    <subfield code="r">2026-04-10 16:08:51</subfield>
    <subfield code="w">2026-04-10</subfield>
    <subfield code="y">RN</subfield>
  </datafield>
  <datafield tag="952" ind1=" " ind2=" ">
    <subfield code="0">0</subfield>
    <subfield code="1">0</subfield>
    <subfield code="4">0</subfield>
    <subfield code="7">0</subfield>
    <subfield code="a">BCEJYS</subfield>
    <subfield code="b">BCEJYS</subfield>
    <subfield code="c">17</subfield>
    <subfield code="d">1993-11-01</subfield>
    <subfield code="h">N&#xBA; 3330 - nov. 1993</subfield>
    <subfield code="l">0</subfield>
    <subfield code="o">H330 BUS 3330</subfield>
    <subfield code="p">R14434</subfield>
    <subfield code="r">2026-04-10 16:08:51</subfield>
    <subfield code="w">2026-04-10</subfield>
    <subfield code="y">RN</subfield>
  </datafield>
  <datafield tag="952" ind1=" " ind2=" ">
    <subfield code="0">0</subfield>
    <subfield code="1">0</subfield>
    <subfield code="4">0</subfield>
    <subfield code="7">0</subfield>
    <subfield code="a">BCEJYS</subfield>
    <subfield code="b">BCEJYS</subfield>
    <subfield code="c">17</subfield>
    <subfield code="d">1993-10-18</subfield>
    <subfield code="h">N&#xBA; 3328 - oct. 1993</subfield>
    <subfield code="l">0</subfield>
    <subfield code="o">H330 BUS 3328</subfield>
    <subfield code="p">R14433</subfield>
    <subfield code="r">2026-04-10 16:08:51</subfield>
    <subfield code="w">2026-04-10</subfield>
    <subfield code="y">RN</subfield>
  </datafield>
  <datafield tag="952" ind1=" " ind2=" ">
    <subfield code="0">0</subfield>
    <subfield code="1">0</subfield>
    <subfield code="4">0</subfield>
    <subfield code="7">0</subfield>
    <subfield code="a">BCEJYS</subfield>
    <subfield code="b">BCEJYS</subfield>
    <subfield code="c">17</subfield>
    <subfield code="d">1993-10-11</subfield>
    <subfield code="h">N&#xBA; 3327 - oct. 1993</subfield>
    <subfield code="l">0</subfield>
    <subfield code="o">H330 BUS 3327</subfield>
    <subfield code="p">R14432</subfield>
    <subfield code="r">2026-04-10 16:08:51</subfield>
    <subfield code="w">2026-04-10</subfield>
    <subfield code="y">RN</subfield>
  </datafield>
  <datafield tag="952" ind1=" " ind2=" ">
    <subfield code="0">0</subfield>
    <subfield code="1">0</subfield>
    <subfield code="4">0</subfield>
    <subfield code="7">0</subfield>
    <subfield code="a">BCEJYS</subfield>
    <subfield code="b">BCEJYS</subfield>
    <subfield code="c">17</subfield>
    <subfield code="d">1993-10-04</subfield>
    <subfield code="h">N&#xBA; 3326 - oct. 1993</subfield>
    <subfield code="l">0</subfield>
    <subfield code="o">H330 BUS 3326</subfield>
    <subfield code="p">R14431</subfield>
    <subfield code="r">2026-04-10 16:08:51</subfield>
    <subfield code="w">2026-04-10</subfield>
    <subfield code="y">RN</subfield>
  </datafield>
  <datafield tag="952" ind1=" " ind2=" ">
    <subfield code="0">0</subfield>
    <subfield code="1">0</subfield>
    <subfield code="4">0</subfield>
    <subfield code="7">0</subfield>
    <subfield code="a">BCEJYS</subfield>
    <subfield code="b">BCEJYS</subfield>
    <subfield code="c">17</subfield>
    <subfield code="d">1993-09-27</subfield>
    <subfield code="h">N&#xBA; 3325 - sep. 1993</subfield>
    <subfield code="l">0</subfield>
    <subfield code="o">H330 BUS 3325</subfield>
    <subfield code="p">R14430</subfield>
    <subfield code="r">2026-04-10 16:08:51</subfield>
    <subfield code="w">2026-04-10</subfield>
    <subfield code="y">RN</subfield>
  </datafield>
  <datafield tag="952" ind1=" " ind2=" ">
    <subfield code="0">0</subfield>
    <subfield code="1">0</subfield>
    <subfield code="4">0</subfield>
    <subfield code="7">0</subfield>
    <subfield code="a">BCEJYS</subfield>
    <subfield code="b">BCEJYS</subfield>
    <subfield code="c">17</subfield>
    <subfield code="d">1993-09-20</subfield>
    <subfield code="h">N&#xBA; 3324 - sep. 1993</subfield>
    <subfield code="l">0</subfield>
    <subfield code="o">H330 BUS 3324</subfield>
    <subfield code="p">R14429</subfield>
    <subfield code="r">2026-04-10 16:08:51</subfield>
    <subfield code="w">2026-04-10</subfield>
    <subfield code="y">RN</subfield>
  </datafield>
  <datafield tag="952" ind1=" " ind2=" ">
    <subfield code="0">0</subfield>
    <subfield code="1">0</subfield>
    <subfield code="4">0</subfield>
    <subfield code="7">0</subfield>
    <subfield code="a">BCEJYS</subfield>
    <subfield code="b">BCEJYS</subfield>
    <subfield code="c">17</subfield>
    <subfield code="d">1993-09-13</subfield>
    <subfield code="h">N&#xBA; 3323 - sep. 1993</subfield>
    <subfield code="l">0</subfield>
    <subfield code="o">H330 BUS 3323</subfield>
    <subfield code="p">R14428</subfield>
    <subfield code="r">2026-04-10 16:08:51</subfield>
    <subfield code="w">2026-04-10</subfield>
    <subfield code="y">RN</subfield>
  </datafield>
  <datafield tag="952" ind1=" " ind2=" ">
    <subfield code="0">0</subfield>
    <subfield code="1">0</subfield>
    <subfield code="4">0</subfield>
    <subfield code="7">0</subfield>
    <subfield code="a">BCEJYS</subfield>
    <subfield code="b">BCEJYS</subfield>
    <subfield code="c">17</subfield>
    <subfield code="d">1993-08-16</subfield>
    <subfield code="h">N&#xBA; 3319 - ago. 1993</subfield>
    <subfield code="l">0</subfield>
    <subfield code="o">H330 BUS 3319</subfield>
    <subfield code="p">R14427</subfield>
    <subfield code="r">2026-04-10 16:08:51</subfield>
    <subfield code="w">2026-04-10</subfield>
    <subfield code="y">RN</subfield>
  </datafield>
  <datafield tag="952" ind1=" " ind2=" ">
    <subfield code="0">0</subfield>
    <subfield code="1">0</subfield>
    <subfield code="4">0</subfield>
    <subfield code="7">0</subfield>
    <subfield code="a">BCEJYS</subfield>
    <subfield code="b">BCEJYS</subfield>
    <subfield code="c">17</subfield>
    <subfield code="d">1993-08-02</subfield>
    <subfield code="h">N&#xBA; 3317 - ago. 1993</subfield>
    <subfield code="l">0</subfield>
    <subfield code="o">H330 BUS 3317</subfield>
    <subfield code="p">R14426</subfield>
    <subfield code="r">2026-04-10 16:08:51</subfield>
    <subfield code="w">2026-04-10</subfield>
    <subfield code="y">RN</subfield>
  </datafield>
  <datafield tag="952" ind1=" " ind2=" ">
    <subfield code="0">0</subfield>
    <subfield code="1">0</subfield>
    <subfield code="4">0</subfield>
    <subfield code="7">0</subfield>
    <subfield code="a">BCEJYS</subfield>
    <subfield code="b">BCEJYS</subfield>
    <subfield code="c">17</subfield>
    <subfield code="d">1993-07-05</subfield>
    <subfield code="h">N&#xBA; 3312 - jul. 1993</subfield>
    <subfield code="l">0</subfield>
    <subfield code="o">H330 BUS 3312</subfield>
    <subfield code="p">R14425</subfield>
    <subfield code="r">2026-04-10 16:08:51</subfield>
    <subfield code="w">2026-04-10</subfield>
    <subfield code="y">RN</subfield>
  </datafield>
  <datafield tag="952" ind1=" " ind2=" ">
    <subfield code="0">0</subfield>
    <subfield code="1">0</subfield>
    <subfield code="4">0</subfield>
    <subfield code="7">0</subfield>
    <subfield code="a">BCEJYS</subfield>
    <subfield code="b">BCEJYS</subfield>
    <subfield code="c">17</subfield>
    <subfield code="d">1993-06-28</subfield>
    <subfield code="h">N&#xBA; 3311 - jun. 1993</subfield>
    <subfield code="l">0</subfield>
    <subfield code="o">H330 BUS 3311</subfield>
    <subfield code="p">R14424</subfield>
    <subfield code="r">2026-04-10 16:08:51</subfield>
    <subfield code="w">2026-04-10</subfield>
    <subfield code="y">RN</subfield>
  </datafield>
  <datafield tag="952" ind1=" " ind2=" ">
    <subfield code="0">0</subfield>
    <subfield code="1">0</subfield>
    <subfield code="4">0</subfield>
    <subfield code="7">0</subfield>
    <subfield code="a">BCEJYS</subfield>
    <subfield code="b">BCEJYS</subfield>
    <subfield code="c">17</subfield>
    <subfield code="d">1993-06-07</subfield>
    <subfield code="h">N&#xBA; 3309 - jun. 1993</subfield>
    <subfield code="l">0</subfield>
    <subfield code="o">H330 BUS 3309</subfield>
    <subfield code="p">R14423</subfield>
    <subfield code="r">2026-04-10 16:08:51</subfield>
    <subfield code="w">2026-04-10</subfield>
    <subfield code="y">RN</subfield>
  </datafield>
  <datafield tag="952" ind1=" " ind2=" ">
    <subfield code="0">0</subfield>
    <subfield code="1">0</subfield>
    <subfield code="4">0</subfield>
    <subfield code="7">0</subfield>
    <subfield code="a">BCEJYS</subfield>
    <subfield code="b">BCEJYS</subfield>
    <subfield code="c">17</subfield>
    <subfield code="d">1993-05-31</subfield>
    <subfield code="h">N&#xBA; 3308 - mayo 1993</subfield>
    <subfield code="l">0</subfield>
    <subfield code="o">H330 BUS 3308</subfield>
    <subfield code="p">R14422</subfield>
    <subfield code="r">2026-04-10 16:08:51</subfield>
    <subfield code="w">2026-04-10</subfield>
    <subfield code="y">RN</subfield>
  </datafield>
  <datafield tag="952" ind1=" " ind2=" ">
    <subfield code="0">0</subfield>
    <subfield code="1">0</subfield>
    <subfield code="4">0</subfield>
    <subfield code="7">0</subfield>
    <subfield code="a">BCEJYS</subfield>
    <subfield code="b">BCEJYS</subfield>
    <subfield code="c">17</subfield>
    <subfield code="d">1993-05-24</subfield>
    <subfield code="h">N&#xBA; 3307 - mayo 1993</subfield>
    <subfield code="l">0</subfield>
    <subfield code="o">H330 BUS 3307</subfield>
    <subfield code="p">R14421</subfield>
    <subfield code="r">2026-04-10 16:08:52</subfield>
    <subfield code="w">2026-04-10</subfield>
    <subfield code="y">RN</subfield>
  </datafield>
  <datafield tag="952" ind1=" " ind2=" ">
    <subfield code="0">0</subfield>
    <subfield code="1">0</subfield>
    <subfield code="4">0</subfield>
    <subfield code="7">0</subfield>
    <subfield code="a">BCEJYS</subfield>
    <subfield code="b">BCEJYS</subfield>
    <subfield code="c">17</subfield>
    <subfield code="d">1993-05-17</subfield>
    <subfield code="h">N&#xBA; 3306 - mayo 1993</subfield>
    <subfield code="l">0</subfield>
    <subfield code="o">H330 BUS 3306</subfield>
    <subfield code="p">R14420</subfield>
    <subfield code="r">2026-04-10 16:08:52</subfield>
    <subfield code="w">2026-04-10</subfield>
    <subfield code="y">RN</subfield>
  </datafield>
  <datafield tag="952" ind1=" " ind2=" ">
    <subfield code="0">0</subfield>
    <subfield code="1">0</subfield>
    <subfield code="4">0</subfield>
    <subfield code="7">0</subfield>
    <subfield code="a">BCEJYS</subfield>
    <subfield code="b">BCEJYS</subfield>
    <subfield code="c">17</subfield>
    <subfield code="d">1993-05-10</subfield>
    <subfield code="h">N&#xBA; 3305 - mayo 1993</subfield>
    <subfield code="l">0</subfield>
    <subfield code="o">H330 BUS 3305</subfield>
    <subfield code="p">R14419</subfield>
    <subfield code="r">2026-04-10 16:08:52</subfield>
    <subfield code="w">2026-04-10</subfield>
    <subfield code="y">RN</subfield>
  </datafield>
  <datafield tag="952" ind1=" " ind2=" ">
    <subfield code="0">0</subfield>
    <subfield code="1">0</subfield>
    <subfield code="4">0</subfield>
    <subfield code="7">0</subfield>
    <subfield code="a">BCEJYS</subfield>
    <subfield code="b">BCEJYS</subfield>
    <subfield code="c">17</subfield>
    <subfield code="d">1993-05-03</subfield>
    <subfield code="h">N&#xBA; 3304 - mayo 1993</subfield>
    <subfield code="l">0</subfield>
    <subfield code="o">H330 BUS 3304</subfield>
    <subfield code="p">R14418</subfield>
    <subfield code="r">2026-04-10 16:08:52</subfield>
    <subfield code="w">2026-04-10</subfield>
    <subfield code="y">RN</subfield>
  </datafield>
  <datafield tag="952" ind1=" " ind2=" ">
    <subfield code="0">0</subfield>
    <subfield code="1">0</subfield>
    <subfield code="4">0</subfield>
    <subfield code="7">0</subfield>
    <subfield code="a">BCEJYS</subfield>
    <subfield code="b">BCEJYS</subfield>
    <subfield code="c">17</subfield>
    <subfield code="d">1993-04-26</subfield>
    <subfield code="h">N&#xBA; 3303 - abr. 1993</subfield>
    <subfield code="l">0</subfield>
    <subfield code="o">H330 BUS 3303</subfield>
    <subfield code="p">R14417</subfield>
    <subfield code="r">2026-04-10 16:08:52</subfield>
    <subfield code="w">2026-04-10</subfield>
    <subfield code="y">RN</subfield>
  </datafield>
  <datafield tag="952" ind1=" " ind2=" ">
    <subfield code="0">0</subfield>
    <subfield code="1">0</subfield>
    <subfield code="4">0</subfield>
    <subfield code="7">0</subfield>
    <subfield code="a">BCEJYS</subfield>
    <subfield code="b">BCEJYS</subfield>
    <subfield code="c">17</subfield>
    <subfield code="d">1993-04-19</subfield>
    <subfield code="h">N&#xBA; 3302 - abr. 1993</subfield>
    <subfield code="l">0</subfield>
    <subfield code="o">H330 BUS 3302</subfield>
    <subfield code="p">R14416</subfield>
    <subfield code="r">2026-04-10 16:08:52</subfield>
    <subfield code="w">2026-04-10</subfield>
    <subfield code="y">RN</subfield>
  </datafield>
  <datafield tag="952" ind1=" " ind2=" ">
    <subfield code="0">0</subfield>
    <subfield code="1">0</subfield>
    <subfield code="4">0</subfield>
    <subfield code="7">0</subfield>
    <subfield code="a">BCEJYS</subfield>
    <subfield code="b">BCEJYS</subfield>
    <subfield code="c">17</subfield>
    <subfield code="d">1993-04-12</subfield>
    <subfield code="h">N&#xBA; 3301 - abr. 1993</subfield>
    <subfield code="l">0</subfield>
    <subfield code="o">H330 BUS 3301</subfield>
    <subfield code="p">R14415</subfield>
    <subfield code="r">2026-04-10 16:08:52</subfield>
    <subfield code="w">2026-04-10</subfield>
    <subfield code="y">RN</subfield>
  </datafield>
  <datafield tag="952" ind1=" " ind2=" ">
    <subfield code="0">0</subfield>
    <subfield code="1">0</subfield>
    <subfield code="4">0</subfield>
    <subfield code="7">0</subfield>
    <subfield code="a">BCEJYS</subfield>
    <subfield code="b">BCEJYS</subfield>
    <subfield code="c">17</subfield>
    <subfield code="d">1993-04-05</subfield>
    <subfield code="h">N&#xBA; 3300 - abr. 1993</subfield>
    <subfield code="l">0</subfield>
    <subfield code="o">H330 BUS 3300</subfield>
    <subfield code="p">R14414</subfield>
    <subfield code="r">2026-04-10 16:08:52</subfield>
    <subfield code="w">2026-04-10</subfield>
    <subfield code="y">RN</subfield>
  </datafield>
  <datafield tag="952" ind1=" " ind2=" ">
    <subfield code="0">0</subfield>
    <subfield code="1">0</subfield>
    <subfield code="4">0</subfield>
    <subfield code="7">0</subfield>
    <subfield code="a">BCEJYS</subfield>
    <subfield code="b">BCEJYS</subfield>
    <subfield code="c">17</subfield>
    <subfield code="d">1993-03-29</subfield>
    <subfield code="h">N&#xBA; 3299 - mar. 1993</subfield>
    <subfield code="l">0</subfield>
    <subfield code="o">H330 BUS 3299</subfield>
    <subfield code="p">R14413</subfield>
    <subfield code="r">2026-04-10 16:08:52</subfield>
    <subfield code="w">2026-04-10</subfield>
    <subfield code="y">RN</subfield>
  </datafield>
  <datafield tag="952" ind1=" " ind2=" ">
    <subfield code="0">0</subfield>
    <subfield code="1">0</subfield>
    <subfield code="4">0</subfield>
    <subfield code="7">0</subfield>
    <subfield code="a">BCEJYS</subfield>
    <subfield code="b">BCEJYS</subfield>
    <subfield code="c">17</subfield>
    <subfield code="d">1993-03-22</subfield>
    <subfield code="h">N&#xBA; 3298 - mar. 1993</subfield>
    <subfield code="l">0</subfield>
    <subfield code="o">H330 BUS 3298</subfield>
    <subfield code="p">R14411</subfield>
    <subfield code="r">2026-04-10 16:08:52</subfield>
    <subfield code="w">2026-04-10</subfield>
    <subfield code="y">RN</subfield>
  </datafield>
  <datafield tag="952" ind1=" " ind2=" ">
    <subfield code="0">0</subfield>
    <subfield code="1">0</subfield>
    <subfield code="4">0</subfield>
    <subfield code="7">0</subfield>
    <subfield code="a">BCEJYS</subfield>
    <subfield code="b">BCEJYS</subfield>
    <subfield code="c">17</subfield>
    <subfield code="d">1993-03-15</subfield>
    <subfield code="h">N&#xBA; 3297 - mar. 1993</subfield>
    <subfield code="l">0</subfield>
    <subfield code="o">H330 BUS 3297</subfield>
    <subfield code="p">R14410</subfield>
    <subfield code="r">2026-04-10 16:08:52</subfield>
    <subfield code="w">2026-04-10</subfield>
    <subfield code="y">RN</subfield>
  </datafield>
  <datafield tag="952" ind1=" " ind2=" ">
    <subfield code="0">0</subfield>
    <subfield code="1">0</subfield>
    <subfield code="4">0</subfield>
    <subfield code="7">0</subfield>
    <subfield code="a">BCEJYS</subfield>
    <subfield code="b">BCEJYS</subfield>
    <subfield code="c">17</subfield>
    <subfield code="d">1993-03-08</subfield>
    <subfield code="h">N&#xBA; 3296 - mar. 1993</subfield>
    <subfield code="l">0</subfield>
    <subfield code="o">H330 BUS 3296</subfield>
    <subfield code="p">R14409</subfield>
    <subfield code="r">2026-04-10 16:08:52</subfield>
    <subfield code="w">2026-04-10</subfield>
    <subfield code="y">RN</subfield>
  </datafield>
  <datafield tag="952" ind1=" " ind2=" ">
    <subfield code="0">0</subfield>
    <subfield code="1">0</subfield>
    <subfield code="4">0</subfield>
    <subfield code="7">0</subfield>
    <subfield code="a">BCEJYS</subfield>
    <subfield code="b">BCEJYS</subfield>
    <subfield code="c">17</subfield>
    <subfield code="d">1993-03-01</subfield>
    <subfield code="h">N&#xBA; 3295 - mar. 1993</subfield>
    <subfield code="l">0</subfield>
    <subfield code="o">H330 BUS 3295</subfield>
    <subfield code="p">R14408</subfield>
    <subfield code="r">2026-04-10 16:08:52</subfield>
    <subfield code="w">2026-04-10</subfield>
    <subfield code="y">RN</subfield>
  </datafield>
  <datafield tag="952" ind1=" " ind2=" ">
    <subfield code="0">0</subfield>
    <subfield code="1">0</subfield>
    <subfield code="4">0</subfield>
    <subfield code="7">0</subfield>
    <subfield code="a">BCEJYS</subfield>
    <subfield code="b">BCEJYS</subfield>
    <subfield code="c">17</subfield>
    <subfield code="d">1993-02-22</subfield>
    <subfield code="h">N&#xBA; 3294 - feb. 1993</subfield>
    <subfield code="l">0</subfield>
    <subfield code="o">H330 BUS 3294</subfield>
    <subfield code="p">R14407</subfield>
    <subfield code="r">2026-04-10 16:08:52</subfield>
    <subfield code="w">2026-04-10</subfield>
    <subfield code="y">RN</subfield>
  </datafield>
  <datafield tag="952" ind1=" " ind2=" ">
    <subfield code="0">0</subfield>
    <subfield code="1">0</subfield>
    <subfield code="4">0</subfield>
    <subfield code="7">0</subfield>
    <subfield code="a">BCEJYS</subfield>
    <subfield code="b">BCEJYS</subfield>
    <subfield code="c">17</subfield>
    <subfield code="d">1993-02-15</subfield>
    <subfield code="h">N&#xBA; 3293 - feb. 1993</subfield>
    <subfield code="l">0</subfield>
    <subfield code="o">H330 BUS 3293</subfield>
    <subfield code="p">R14406</subfield>
    <subfield code="r">2026-04-10 16:08:52</subfield>
    <subfield code="w">2026-04-10</subfield>
    <subfield code="y">RN</subfield>
  </datafield>
  <datafield tag="952" ind1=" " ind2=" ">
    <subfield code="0">0</subfield>
    <subfield code="1">0</subfield>
    <subfield code="4">0</subfield>
    <subfield code="7">0</subfield>
    <subfield code="a">BCEJYS</subfield>
    <subfield code="b">BCEJYS</subfield>
    <subfield code="c">17</subfield>
    <subfield code="d">1993-02-08</subfield>
    <subfield code="h">N&#xBA; 3292 - feb. 1993</subfield>
    <subfield code="l">0</subfield>
    <subfield code="o">H330 BUS 3292</subfield>
    <subfield code="p">R14405</subfield>
    <subfield code="r">2026-04-10 16:08:52</subfield>
    <subfield code="w">2026-04-10</subfield>
    <subfield code="y">RN</subfield>
  </datafield>
  <datafield tag="952" ind1=" " ind2=" ">
    <subfield code="0">0</subfield>
    <subfield code="1">0</subfield>
    <subfield code="4">0</subfield>
    <subfield code="7">0</subfield>
    <subfield code="a">BCEJYS</subfield>
    <subfield code="b">BCEJYS</subfield>
    <subfield code="c">17</subfield>
    <subfield code="d">1993-02-01</subfield>
    <subfield code="h">N&#xBA; 3291 - feb. 1993</subfield>
    <subfield code="l">0</subfield>
    <subfield code="o">H330 BUS 3291</subfield>
    <subfield code="p">R14404</subfield>
    <subfield code="r">2026-04-10 16:08:52</subfield>
    <subfield code="w">2026-04-10</subfield>
    <subfield code="y">RN</subfield>
  </datafield>
  <datafield tag="952" ind1=" " ind2=" ">
    <subfield code="0">0</subfield>
    <subfield code="1">0</subfield>
    <subfield code="4">0</subfield>
    <subfield code="7">0</subfield>
    <subfield code="a">BCEJYS</subfield>
    <subfield code="b">BCEJYS</subfield>
    <subfield code="c">17</subfield>
    <subfield code="d">1993-01-25</subfield>
    <subfield code="h">N&#xBA; 3290 - ene. 1993</subfield>
    <subfield code="l">0</subfield>
    <subfield code="o">H330 BUS 3290</subfield>
    <subfield code="p">R14403</subfield>
    <subfield code="r">2026-04-10 16:08:52</subfield>
    <subfield code="w">2026-04-10</subfield>
    <subfield code="y">RN</subfield>
  </datafield>
  <datafield tag="952" ind1=" " ind2=" ">
    <subfield code="0">0</subfield>
    <subfield code="1">0</subfield>
    <subfield code="4">0</subfield>
    <subfield code="7">0</subfield>
    <subfield code="a">BCEJYS</subfield>
    <subfield code="b">BCEJYS</subfield>
    <subfield code="c">17</subfield>
    <subfield code="d">1993-01-18</subfield>
    <subfield code="h">N&#xBA; 3289 - ene. 1993</subfield>
    <subfield code="l">0</subfield>
    <subfield code="o">H330 BUS 3289</subfield>
    <subfield code="p">R14402</subfield>
    <subfield code="r">2026-04-10 16:08:52</subfield>
    <subfield code="w">2026-04-10</subfield>
    <subfield code="y">RN</subfield>
  </datafield>
  <datafield tag="952" ind1=" " ind2=" ">
    <subfield code="0">0</subfield>
    <subfield code="1">0</subfield>
    <subfield code="4">0</subfield>
    <subfield code="7">0</subfield>
    <subfield code="a">BCEJYS</subfield>
    <subfield code="b">BCEJYS</subfield>
    <subfield code="c">17</subfield>
    <subfield code="d">1993-01-11</subfield>
    <subfield code="h">N&#xBA; 3288 - ene. 1993</subfield>
    <subfield code="l">0</subfield>
    <subfield code="o">H330 BUS 3288</subfield>
    <subfield code="p">R14401</subfield>
    <subfield code="r">2026-04-10 16:08:52</subfield>
    <subfield code="w">2026-04-10</subfield>
    <subfield code="y">RN</subfield>
  </datafield>
  <datafield tag="952" ind1=" " ind2=" ">
    <subfield code="0">0</subfield>
    <subfield code="1">0</subfield>
    <subfield code="4">0</subfield>
    <subfield code="7">0</subfield>
    <subfield code="a">BCEJYS</subfield>
    <subfield code="b">BCEJYS</subfield>
    <subfield code="c">17</subfield>
    <subfield code="d">1992-12-28</subfield>
    <subfield code="h">N&#xBA; 3287 - dic. 1992/ene. 1993</subfield>
    <subfield code="l">0</subfield>
    <subfield code="o">H330 BUS 3287</subfield>
    <subfield code="p">R14412</subfield>
    <subfield code="r">2026-04-10 16:08:52</subfield>
    <subfield code="w">2026-04-10</subfield>
    <subfield code="y">RN</subfield>
  </datafield>
  <datafield tag="952" ind1=" " ind2=" ">
    <subfield code="0">0</subfield>
    <subfield code="1">0</subfield>
    <subfield code="4">0</subfield>
    <subfield code="7">0</subfield>
    <subfield code="a">BCEJYS</subfield>
    <subfield code="b">BCEJYS</subfield>
    <subfield code="c">17</subfield>
    <subfield code="d">1992-12-21</subfield>
    <subfield code="h">N&#xBA; 3286 - dic. 1992</subfield>
    <subfield code="l">0</subfield>
    <subfield code="o">H330 BUS 3286</subfield>
    <subfield code="p">R14400</subfield>
    <subfield code="r">2026-04-10 16:08:52</subfield>
    <subfield code="w">2026-04-10</subfield>
    <subfield code="y">RN</subfield>
  </datafield>
  <datafield tag="952" ind1=" " ind2=" ">
    <subfield code="0">0</subfield>
    <subfield code="1">0</subfield>
    <subfield code="4">0</subfield>
    <subfield code="7">0</subfield>
    <subfield code="a">BCEJYS</subfield>
    <subfield code="b">BCEJYS</subfield>
    <subfield code="c">17</subfield>
    <subfield code="d">1992-12-14</subfield>
    <subfield code="h">N&#xBA; 3285 - dic. 1992</subfield>
    <subfield code="l">0</subfield>
    <subfield code="o">H330 BUS 3285</subfield>
    <subfield code="p">R14399</subfield>
    <subfield code="r">2026-04-10 16:08:52</subfield>
    <subfield code="w">2026-04-10</subfield>
    <subfield code="y">RN</subfield>
  </datafield>
  <datafield tag="952" ind1=" " ind2=" ">
    <subfield code="0">0</subfield>
    <subfield code="1">0</subfield>
    <subfield code="4">0</subfield>
    <subfield code="7">0</subfield>
    <subfield code="a">BCEJYS</subfield>
    <subfield code="b">BCEJYS</subfield>
    <subfield code="c">17</subfield>
    <subfield code="d">1992-12-07</subfield>
    <subfield code="h">N&#xBA; 3284 - dic. 1992</subfield>
    <subfield code="l">0</subfield>
    <subfield code="o">H330 BUS 3284</subfield>
    <subfield code="p">R14398</subfield>
    <subfield code="r">2026-04-10 16:08:52</subfield>
    <subfield code="w">2026-04-10</subfield>
    <subfield code="y">RN</subfield>
  </datafield>
  <datafield tag="952" ind1=" " ind2=" ">
    <subfield code="0">0</subfield>
    <subfield code="1">0</subfield>
    <subfield code="4">0</subfield>
    <subfield code="7">0</subfield>
    <subfield code="a">BCEJYS</subfield>
    <subfield code="b">BCEJYS</subfield>
    <subfield code="c">17</subfield>
    <subfield code="d">1992-11-30</subfield>
    <subfield code="h">N&#xBA; 3283 - nov. 1992</subfield>
    <subfield code="l">0</subfield>
    <subfield code="o">H330 BUS 3283</subfield>
    <subfield code="p">R14397</subfield>
    <subfield code="r">2026-04-10 16:08:52</subfield>
    <subfield code="w">2026-04-10</subfield>
    <subfield code="y">RN</subfield>
  </datafield>
  <datafield tag="952" ind1=" " ind2=" ">
    <subfield code="0">0</subfield>
    <subfield code="1">0</subfield>
    <subfield code="4">0</subfield>
    <subfield code="7">0</subfield>
    <subfield code="a">BCEJYS</subfield>
    <subfield code="b">BCEJYS</subfield>
    <subfield code="c">17</subfield>
    <subfield code="d">1992-11-23</subfield>
    <subfield code="h">N&#xBA; 3282 - nov. 1992</subfield>
    <subfield code="l">0</subfield>
    <subfield code="o">H330 BUS 3282</subfield>
    <subfield code="p">R14396</subfield>
    <subfield code="r">2026-04-10 16:08:52</subfield>
    <subfield code="w">2026-04-10</subfield>
    <subfield code="y">RN</subfield>
  </datafield>
  <datafield tag="952" ind1=" " ind2=" ">
    <subfield code="0">0</subfield>
    <subfield code="1">0</subfield>
    <subfield code="4">0</subfield>
    <subfield code="7">0</subfield>
    <subfield code="a">BCEJYS</subfield>
    <subfield code="b">BCEJYS</subfield>
    <subfield code="c">17</subfield>
    <subfield code="d">1992-11-16</subfield>
    <subfield code="h">N&#xBA; 3281 - nov. 1992</subfield>
    <subfield code="l">0</subfield>
    <subfield code="o">H330 BUS 3281</subfield>
    <subfield code="p">R14395</subfield>
    <subfield code="r">2026-04-10 16:08:52</subfield>
    <subfield code="w">2026-04-10</subfield>
    <subfield code="y">RN</subfield>
  </datafield>
  <datafield tag="952" ind1=" " ind2=" ">
    <subfield code="0">0</subfield>
    <subfield code="1">0</subfield>
    <subfield code="4">0</subfield>
    <subfield code="7">0</subfield>
    <subfield code="a">BCEJYS</subfield>
    <subfield code="b">BCEJYS</subfield>
    <subfield code="c">17</subfield>
    <subfield code="d">1992-11-09</subfield>
    <subfield code="h">N&#xBA; 3280 - nov. 1992</subfield>
    <subfield code="l">0</subfield>
    <subfield code="o">H330 BUS 3280</subfield>
    <subfield code="p">R14394</subfield>
    <subfield code="r">2026-04-10 16:08:52</subfield>
    <subfield code="w">2026-04-10</subfield>
    <subfield code="y">RN</subfield>
  </datafield>
  <datafield tag="952" ind1=" " ind2=" ">
    <subfield code="0">0</subfield>
    <subfield code="1">0</subfield>
    <subfield code="4">0</subfield>
    <subfield code="7">0</subfield>
    <subfield code="a">BCEJYS</subfield>
    <subfield code="b">BCEJYS</subfield>
    <subfield code="c">17</subfield>
    <subfield code="d">1992-11-02</subfield>
    <subfield code="h">N&#xBA; 3279 - nov. 1992</subfield>
    <subfield code="l">0</subfield>
    <subfield code="o">H330 BUS 3279</subfield>
    <subfield code="p">R14393</subfield>
    <subfield code="r">2026-04-10 16:08:52</subfield>
    <subfield code="w">2026-04-10</subfield>
    <subfield code="y">RN</subfield>
  </datafield>
  <datafield tag="952" ind1=" " ind2=" ">
    <subfield code="0">0</subfield>
    <subfield code="1">0</subfield>
    <subfield code="4">0</subfield>
    <subfield code="7">0</subfield>
    <subfield code="a">BCEJYS</subfield>
    <subfield code="b">BCEJYS</subfield>
    <subfield code="c">17</subfield>
    <subfield code="d">1992-10-26</subfield>
    <subfield code="h">N&#xBA; 3278 - oct. 1992</subfield>
    <subfield code="l">0</subfield>
    <subfield code="o">H330 BUS 3278</subfield>
    <subfield code="p">R14392</subfield>
    <subfield code="r">2026-04-10 16:08:52</subfield>
    <subfield code="w">2026-04-10</subfield>
    <subfield code="y">RN</subfield>
  </datafield>
  <datafield tag="952" ind1=" " ind2=" ">
    <subfield code="0">0</subfield>
    <subfield code="1">0</subfield>
    <subfield code="4">0</subfield>
    <subfield code="7">0</subfield>
    <subfield code="a">BCEJYS</subfield>
    <subfield code="b">BCEJYS</subfield>
    <subfield code="c">17</subfield>
    <subfield code="d">1992-10-19</subfield>
    <subfield code="h">N&#xBA; 3277 - oct. 1992</subfield>
    <subfield code="l">0</subfield>
    <subfield code="o">H330 BUS 3277</subfield>
    <subfield code="p">R14391</subfield>
    <subfield code="r">2026-04-10 16:08:52</subfield>
    <subfield code="w">2026-04-10</subfield>
    <subfield code="y">RN</subfield>
  </datafield>
  <datafield tag="952" ind1=" " ind2=" ">
    <subfield code="0">0</subfield>
    <subfield code="1">0</subfield>
    <subfield code="4">0</subfield>
    <subfield code="7">0</subfield>
    <subfield code="a">BCEJYS</subfield>
    <subfield code="b">BCEJYS</subfield>
    <subfield code="c">17</subfield>
    <subfield code="d">1992-10-12</subfield>
    <subfield code="h">N&#xBA; 3276 - oct. 1992</subfield>
    <subfield code="l">0</subfield>
    <subfield code="o">H330 BUS 3276</subfield>
    <subfield code="p">R14390</subfield>
    <subfield code="r">2026-04-10 16:08:52</subfield>
    <subfield code="w">2026-04-10</subfield>
    <subfield code="y">RN</subfield>
  </datafield>
  <datafield tag="952" ind1=" " ind2=" ">
    <subfield code="0">0</subfield>
    <subfield code="1">0</subfield>
    <subfield code="4">0</subfield>
    <subfield code="7">0</subfield>
    <subfield code="a">BCEJYS</subfield>
    <subfield code="b">BCEJYS</subfield>
    <subfield code="c">17</subfield>
    <subfield code="d">1992-10-05</subfield>
    <subfield code="h">N&#xBA; 3275 - oct. 1992</subfield>
    <subfield code="l">0</subfield>
    <subfield code="o">H330 BUS 3275</subfield>
    <subfield code="p">R14389</subfield>
    <subfield code="r">2026-04-10 16:08:52</subfield>
    <subfield code="w">2026-04-10</subfield>
    <subfield code="y">RN</subfield>
  </datafield>
  <datafield tag="952" ind1=" " ind2=" ">
    <subfield code="0">0</subfield>
    <subfield code="1">0</subfield>
    <subfield code="4">0</subfield>
    <subfield code="7">0</subfield>
    <subfield code="a">BCEJYS</subfield>
    <subfield code="b">BCEJYS</subfield>
    <subfield code="c">17</subfield>
    <subfield code="d">1992-09-28</subfield>
    <subfield code="h">N&#xBA; 3274 - sep. 1992</subfield>
    <subfield code="l">0</subfield>
    <subfield code="o">H330 BUS 3274</subfield>
    <subfield code="p">R14388</subfield>
    <subfield code="r">2026-04-10 16:08:52</subfield>
    <subfield code="w">2026-04-10</subfield>
    <subfield code="y">RN</subfield>
  </datafield>
  <datafield tag="952" ind1=" " ind2=" ">
    <subfield code="0">0</subfield>
    <subfield code="1">0</subfield>
    <subfield code="4">0</subfield>
    <subfield code="7">0</subfield>
    <subfield code="a">BCEJYS</subfield>
    <subfield code="b">BCEJYS</subfield>
    <subfield code="c">17</subfield>
    <subfield code="d">1992-09-21</subfield>
    <subfield code="h">N&#xBA; 3273 - sep. 1992</subfield>
    <subfield code="l">0</subfield>
    <subfield code="o">H330 BUS 3273</subfield>
    <subfield code="p">R14387</subfield>
    <subfield code="r">2026-04-10 16:08:52</subfield>
    <subfield code="w">2026-04-10</subfield>
    <subfield code="y">RN</subfield>
  </datafield>
  <datafield tag="952" ind1=" " ind2=" ">
    <subfield code="0">0</subfield>
    <subfield code="1">0</subfield>
    <subfield code="4">0</subfield>
    <subfield code="7">0</subfield>
    <subfield code="a">BCEJYS</subfield>
    <subfield code="b">BCEJYS</subfield>
    <subfield code="c">17</subfield>
    <subfield code="d">1992-09-07</subfield>
    <subfield code="h">N&#xBA; 3271 - sep. 1992</subfield>
    <subfield code="l">0</subfield>
    <subfield code="o">H330 BUS 3271</subfield>
    <subfield code="p">R14385</subfield>
    <subfield code="r">2026-04-10 16:08:52</subfield>
    <subfield code="w">2026-04-10</subfield>
    <subfield code="y">RN</subfield>
  </datafield>
  <datafield tag="952" ind1=" " ind2=" ">
    <subfield code="0">0</subfield>
    <subfield code="1">0</subfield>
    <subfield code="4">0</subfield>
    <subfield code="7">0</subfield>
    <subfield code="a">BCEJYS</subfield>
    <subfield code="b">BCEJYS</subfield>
    <subfield code="c">17</subfield>
    <subfield code="d">1992-09-01</subfield>
    <subfield code="h">N&#xBA; 3272 - sep. 1992</subfield>
    <subfield code="l">0</subfield>
    <subfield code="o">H330 BUS 3272</subfield>
    <subfield code="p">R14386</subfield>
    <subfield code="r">2026-04-10 16:08:52</subfield>
    <subfield code="w">2026-04-10</subfield>
    <subfield code="y">RN</subfield>
  </datafield>
  <datafield tag="952" ind1=" " ind2=" ">
    <subfield code="0">0</subfield>
    <subfield code="1">0</subfield>
    <subfield code="4">0</subfield>
    <subfield code="7">0</subfield>
    <subfield code="a">BCEJYS</subfield>
    <subfield code="b">BCEJYS</subfield>
    <subfield code="c">17</subfield>
    <subfield code="d">1992-08-31</subfield>
    <subfield code="h">N&#xBA; 3270 - ago. 1992</subfield>
    <subfield code="l">0</subfield>
    <subfield code="o">H330 BUS 3270</subfield>
    <subfield code="p">R14384</subfield>
    <subfield code="r">2026-04-10 16:08:52</subfield>
    <subfield code="w">2026-04-10</subfield>
    <subfield code="y">RN</subfield>
  </datafield>
  <datafield tag="952" ind1=" " ind2=" ">
    <subfield code="0">0</subfield>
    <subfield code="1">0</subfield>
    <subfield code="4">0</subfield>
    <subfield code="7">0</subfield>
    <subfield code="a">BCEJYS</subfield>
    <subfield code="b">BCEJYS</subfield>
    <subfield code="c">17</subfield>
    <subfield code="d">1992-08-24</subfield>
    <subfield code="h">N&#xBA; 3269 - ago. 1992</subfield>
    <subfield code="l">0</subfield>
    <subfield code="o">H330 BUS 3269</subfield>
    <subfield code="p">R14383</subfield>
    <subfield code="r">2026-04-10 16:08:52</subfield>
    <subfield code="w">2026-04-10</subfield>
    <subfield code="y">RN</subfield>
  </datafield>
  <datafield tag="952" ind1=" " ind2=" ">
    <subfield code="0">0</subfield>
    <subfield code="1">0</subfield>
    <subfield code="4">0</subfield>
    <subfield code="7">0</subfield>
    <subfield code="a">BCEJYS</subfield>
    <subfield code="b">BCEJYS</subfield>
    <subfield code="c">17</subfield>
    <subfield code="d">1992-08-17</subfield>
    <subfield code="h">N&#xBA; 3268 - ago. 1992</subfield>
    <subfield code="l">0</subfield>
    <subfield code="o">H330 BUS 3268</subfield>
    <subfield code="p">R14382</subfield>
    <subfield code="r">2026-04-10 16:08:52</subfield>
    <subfield code="w">2026-04-10</subfield>
    <subfield code="y">RN</subfield>
  </datafield>
  <datafield tag="952" ind1=" " ind2=" ">
    <subfield code="0">0</subfield>
    <subfield code="1">0</subfield>
    <subfield code="4">0</subfield>
    <subfield code="7">0</subfield>
    <subfield code="a">BCEJYS</subfield>
    <subfield code="b">BCEJYS</subfield>
    <subfield code="c">17</subfield>
    <subfield code="d">1992-08-10</subfield>
    <subfield code="h">N&#xBA; 3267 - ago. 1992</subfield>
    <subfield code="l">0</subfield>
    <subfield code="o">H330 BUS 3267</subfield>
    <subfield code="p">R14381</subfield>
    <subfield code="r">2026-04-10 16:08:52</subfield>
    <subfield code="w">2026-04-10</subfield>
    <subfield code="y">RN</subfield>
  </datafield>
  <datafield tag="952" ind1=" " ind2=" ">
    <subfield code="0">0</subfield>
    <subfield code="1">0</subfield>
    <subfield code="4">0</subfield>
    <subfield code="7">0</subfield>
    <subfield code="a">BCEJYS</subfield>
    <subfield code="b">BCEJYS</subfield>
    <subfield code="c">17</subfield>
    <subfield code="d">1992-08-03</subfield>
    <subfield code="h">N&#xBA; 3266 - ago. 1992</subfield>
    <subfield code="l">0</subfield>
    <subfield code="o">H330 BUS 3266</subfield>
    <subfield code="p">R14380</subfield>
    <subfield code="r">2026-04-10 16:08:52</subfield>
    <subfield code="w">2026-04-10</subfield>
    <subfield code="y">RN</subfield>
  </datafield>
  <datafield tag="952" ind1=" " ind2=" ">
    <subfield code="0">0</subfield>
    <subfield code="1">0</subfield>
    <subfield code="4">0</subfield>
    <subfield code="7">0</subfield>
    <subfield code="a">BCEJYS</subfield>
    <subfield code="b">BCEJYS</subfield>
    <subfield code="c">17</subfield>
    <subfield code="d">1992-07-27</subfield>
    <subfield code="h">N&#xBA; 3265 - jul. 1992</subfield>
    <subfield code="l">0</subfield>
    <subfield code="o">H330 BUS 3265</subfield>
    <subfield code="p">R14379</subfield>
    <subfield code="r">2026-04-10 16:08:52</subfield>
    <subfield code="w">2026-04-10</subfield>
    <subfield code="y">RN</subfield>
  </datafield>
  <datafield tag="952" ind1=" " ind2=" ">
    <subfield code="0">0</subfield>
    <subfield code="1">0</subfield>
    <subfield code="4">0</subfield>
    <subfield code="7">0</subfield>
    <subfield code="a">BCEJYS</subfield>
    <subfield code="b">BCEJYS</subfield>
    <subfield code="c">17</subfield>
    <subfield code="d">1992-07-20</subfield>
    <subfield code="h">N&#xBA; 3264 - jul. 1992</subfield>
    <subfield code="l">0</subfield>
    <subfield code="o">H330 BUS 3264</subfield>
    <subfield code="p">R14378</subfield>
    <subfield code="r">2026-04-10 16:08:52</subfield>
    <subfield code="w">2026-04-10</subfield>
    <subfield code="y">RN</subfield>
  </datafield>
  <datafield tag="952" ind1=" " ind2=" ">
    <subfield code="0">0</subfield>
    <subfield code="1">0</subfield>
    <subfield code="4">0</subfield>
    <subfield code="7">0</subfield>
    <subfield code="a">BCEJYS</subfield>
    <subfield code="b">BCEJYS</subfield>
    <subfield code="c">17</subfield>
    <subfield code="d">1992-07-13</subfield>
    <subfield code="h">N&#xBA; 3263 - jul. 1992</subfield>
    <subfield code="l">0</subfield>
    <subfield code="o">H330 BUS 3263</subfield>
    <subfield code="p">R14377</subfield>
    <subfield code="r">2026-04-10 16:08:52</subfield>
    <subfield code="w">2026-04-10</subfield>
    <subfield code="y">RN</subfield>
  </datafield>
  <datafield tag="952" ind1=" " ind2=" ">
    <subfield code="0">0</subfield>
    <subfield code="1">0</subfield>
    <subfield code="4">0</subfield>
    <subfield code="7">0</subfield>
    <subfield code="a">BCEJYS</subfield>
    <subfield code="b">BCEJYS</subfield>
    <subfield code="c">17</subfield>
    <subfield code="d">1992-07-06</subfield>
    <subfield code="h">N&#xBA; 3262 - jul. 1992</subfield>
    <subfield code="l">0</subfield>
    <subfield code="o">H330 BUS 3262</subfield>
    <subfield code="p">R14376</subfield>
    <subfield code="r">2026-04-10 16:08:52</subfield>
    <subfield code="w">2026-04-10</subfield>
    <subfield code="y">RN</subfield>
  </datafield>
  <datafield tag="952" ind1=" " ind2=" ">
    <subfield code="0">0</subfield>
    <subfield code="1">0</subfield>
    <subfield code="4">0</subfield>
    <subfield code="7">0</subfield>
    <subfield code="a">BCEJYS</subfield>
    <subfield code="b">BCEJYS</subfield>
    <subfield code="c">17</subfield>
    <subfield code="d">1992-06-29</subfield>
    <subfield code="h">N&#xBA; 3261 - jun. 1992</subfield>
    <subfield code="l">0</subfield>
    <subfield code="o">H330 BUS 3261</subfield>
    <subfield code="p">R14375</subfield>
    <subfield code="r">2026-04-10 16:08:52</subfield>
    <subfield code="w">2026-04-10</subfield>
    <subfield code="y">RN</subfield>
  </datafield>
  <datafield tag="952" ind1=" " ind2=" ">
    <subfield code="0">0</subfield>
    <subfield code="1">0</subfield>
    <subfield code="4">0</subfield>
    <subfield code="7">0</subfield>
    <subfield code="a">BCEJYS</subfield>
    <subfield code="b">BCEJYS</subfield>
    <subfield code="c">17</subfield>
    <subfield code="d">1992-06-22</subfield>
    <subfield code="h">N&#xBA; 3260 - jun. 1992</subfield>
    <subfield code="l">0</subfield>
    <subfield code="o">H330 BUS 3260</subfield>
    <subfield code="p">R14374</subfield>
    <subfield code="r">2026-04-10 16:08:52</subfield>
    <subfield code="w">2026-04-10</subfield>
    <subfield code="y">RN</subfield>
  </datafield>
  <datafield tag="952" ind1=" " ind2=" ">
    <subfield code="0">0</subfield>
    <subfield code="1">0</subfield>
    <subfield code="4">0</subfield>
    <subfield code="7">0</subfield>
    <subfield code="a">BCEJYS</subfield>
    <subfield code="b">BCEJYS</subfield>
    <subfield code="c">17</subfield>
    <subfield code="d">1992-06-15</subfield>
    <subfield code="h">N&#xBA; 3259 - jun. 1992</subfield>
    <subfield code="l">0</subfield>
    <subfield code="o">H330 BUS 3259</subfield>
    <subfield code="p">R14373</subfield>
    <subfield code="r">2026-04-10 16:08:52</subfield>
    <subfield code="w">2026-04-10</subfield>
    <subfield code="y">RN</subfield>
  </datafield>
  <datafield tag="952" ind1=" " ind2=" ">
    <subfield code="0">0</subfield>
    <subfield code="1">0</subfield>
    <subfield code="4">0</subfield>
    <subfield code="7">0</subfield>
    <subfield code="a">BCEJYS</subfield>
    <subfield code="b">BCEJYS</subfield>
    <subfield code="c">17</subfield>
    <subfield code="d">1992-06-08</subfield>
    <subfield code="h">N&#xBA; 3258 - jun. 1992</subfield>
    <subfield code="l">0</subfield>
    <subfield code="o">H330 BUS 3258</subfield>
    <subfield code="p">R14372</subfield>
    <subfield code="r">2026-04-10 16:08:52</subfield>
    <subfield code="w">2026-04-10</subfield>
    <subfield code="y">RN</subfield>
  </datafield>
  <datafield tag="952" ind1=" " ind2=" ">
    <subfield code="0">0</subfield>
    <subfield code="1">0</subfield>
    <subfield code="4">0</subfield>
    <subfield code="7">0</subfield>
    <subfield code="a">BCEJYS</subfield>
    <subfield code="b">BCEJYS</subfield>
    <subfield code="c">17</subfield>
    <subfield code="d">1992-06-01</subfield>
    <subfield code="h">N&#xBA; 3257 - jun. 1992</subfield>
    <subfield code="l">0</subfield>
    <subfield code="o">H330 BUS 3257</subfield>
    <subfield code="p">R14371</subfield>
    <subfield code="r">2026-04-10 16:08:52</subfield>
    <subfield code="w">2026-04-10</subfield>
    <subfield code="y">RN</subfield>
  </datafield>
  <datafield tag="952" ind1=" " ind2=" ">
    <subfield code="0">0</subfield>
    <subfield code="1">0</subfield>
    <subfield code="4">0</subfield>
    <subfield code="7">0</subfield>
    <subfield code="a">BCEJYS</subfield>
    <subfield code="b">BCEJYS</subfield>
    <subfield code="c">17</subfield>
    <subfield code="d">1992-05-25</subfield>
    <subfield code="h">N&#xBA; 3256 - mayo 1992</subfield>
    <subfield code="l">0</subfield>
    <subfield code="o">H330 BUS 3256</subfield>
    <subfield code="p">R14370</subfield>
    <subfield code="r">2026-04-10 16:08:52</subfield>
    <subfield code="w">2026-04-10</subfield>
    <subfield code="y">RN</subfield>
  </datafield>
  <datafield tag="952" ind1=" " ind2=" ">
    <subfield code="0">0</subfield>
    <subfield code="1">0</subfield>
    <subfield code="4">0</subfield>
    <subfield code="7">0</subfield>
    <subfield code="a">BCEJYS</subfield>
    <subfield code="b">BCEJYS</subfield>
    <subfield code="c">17</subfield>
    <subfield code="d">1992-05-18</subfield>
    <subfield code="h">N&#xBA; 3255 - mayo 1992</subfield>
    <subfield code="l">0</subfield>
    <subfield code="o">H330 BUS 3255</subfield>
    <subfield code="p">R14369</subfield>
    <subfield code="r">2026-04-10 16:08:52</subfield>
    <subfield code="w">2026-04-10</subfield>
    <subfield code="y">RN</subfield>
  </datafield>
  <datafield tag="952" ind1=" " ind2=" ">
    <subfield code="0">0</subfield>
    <subfield code="1">0</subfield>
    <subfield code="4">0</subfield>
    <subfield code="7">0</subfield>
    <subfield code="a">BCEJYS</subfield>
    <subfield code="b">BCEJYS</subfield>
    <subfield code="c">17</subfield>
    <subfield code="d">1992-05-11</subfield>
    <subfield code="h">N&#xBA; 3254 - mayo 1992</subfield>
    <subfield code="l">0</subfield>
    <subfield code="o">H330 BUS 3254</subfield>
    <subfield code="p">R14368</subfield>
    <subfield code="r">2026-04-10 16:08:52</subfield>
    <subfield code="w">2026-04-10</subfield>
    <subfield code="y">RN</subfield>
  </datafield>
  <datafield tag="952" ind1=" " ind2=" ">
    <subfield code="0">0</subfield>
    <subfield code="1">0</subfield>
    <subfield code="4">0</subfield>
    <subfield code="7">0</subfield>
    <subfield code="a">BCEJYS</subfield>
    <subfield code="b">BCEJYS</subfield>
    <subfield code="c">17</subfield>
    <subfield code="d">1991-09-30</subfield>
    <subfield code="h">N&#xBA; 3223 - sep. 1991</subfield>
    <subfield code="l">0</subfield>
    <subfield code="o">H330 BUS 3223</subfield>
    <subfield code="p">R14367</subfield>
    <subfield code="r">2026-04-10 16:08:52</subfield>
    <subfield code="w">2026-04-10</subfield>
    <subfield code="y">RN</subfield>
  </datafield>
</record>
